Hispania graeca / por Antonio García y Bellido
Descripción Física:
v. ; 256 p. : il. ; 28 cm
Colección:
Publicaciones sobre arte y arqueología
MARC
| LEADER | 00000nam a2200000Ia 4500 | ||
|---|---|---|---|
| 001 | 13927 | ||
| 003 | BGR | ||
| 005 | 20260324175259.0 | ||
| 008 | 160829s1948 xx 000 0 cat d | ||
| 080 | |a H-2-138 | ||
| 100 | |a García y Bellido, Antonio |9 24661 | ||
| 245 | |a Hispania graeca / por Antonio García y Bellido | ||
| 260 | |a Barcelona : |b Instituto Español de Estudios Mediterráneos, |c 1948 | ||
| 300 | |a v. ; |c 256 p. : il. ; |c 28 cm | ||
| 490 | |a Publicaciones sobre arte y arqueología | ||
| 590 | |a Referències bibliogràfiques. | ||
| 590 | |a Índex | ||
| 650 | |a Grecs |x Espanya |x Història |9 24662 | ||
| 650 | |a Espanya |x Arqueologia grega |9 24663 | ||
| 710 | 2 | |a Instituto Español de Estudios Mediterráneos |9 71185 | |
| 866 | |a vbcrlfTomo I | ||
| 901 | |a Arxiu | ||
| 942 | |n 1 |2 udc |c MON | ||
| 952 | |0 0 |1 0 |4 0 |6 H2138 |7 1 |9 43252 |a Arxiu |b Arxiu |d 2016-12-01 |l 0 |o H-2-138 |p 13927 |r 2016-12-01 00:00:00 |w 2016-12-01 |y ARXIU | ||
| 999 | |c 45796 |d 45796 | ||